Thực hành máy tính dành cho người bận rộn : Trao đổi E-mail và tìm tin nhanh trên Internet

Bewaard in:
Bibliografische gegevens
Hoofdauteur: Nguyễn Văn Hòa
Formaat: Boek
Taal:Undetermined
Gepubliceerd in: H. Thống Kê 2003
Onderwerpen:
Tags: Voeg label toe
Geen labels, Wees de eerste die dit record labelt!
Thư viện lưu trữ: Trung tâm Học liệu Trường Đại học Cần Thơ
LEADER 00614nam a2200193Ia 4500
001 CTU_58321
008 210402s9999 xx 000 0 und d
020 |b 21000 
082 |a 004.69 
082 |b H401 
100 |a Nguyễn Văn Hòa 
245 0 |a Thực hành máy tính dành cho người bận rộn : Trao đổi E-mail và tìm tin nhanh trên Internet 
245 0 |c Nguyễn Văn Hòa 
260 |a H. 
260 |b Thống Kê 
260 |c 2003 
650 |a internet,electronic mail messages 
904 |i Minh 
980 |a Trung tâm Học liệu Trường Đại học Cần Thơ